Memories (Record no. 223227)

MARC details
000 -LEADER
fixed length control field 00574nam a22002057a 4500
005 - DATE AND TIME OF LATEST TRANSACTION
control field 20220603141754.0
008 - FIXED-LENGTH DATA ELEMENTS--GENERAL INFORMATION
fixed length control field 220603b ||||| |||| 00| 0 eng d
020 ## - INTERNATIONAL STANDARD BOOK NUMBER
International Standard Book Number 0099686406
040 ## - CATALOGING SOURCE
Transcribing agency AL
041 ## - LANGUAGE CODE
Language code of text/sound track or separate title English
082 ## - DEWEY DECIMAL CLASSIFICATION NUMBER
Edition number 23
Classification number 947.084
Item number GROM
100 ## - MAIN ENTRY--PERSONAL NAME
Personal name Andrei Gromyko
100 ## - MAIN ENTRY--PERSONAL NAME
9 (RLIN) 40326
245 ## - TITLE STATEMENT
Title Memories
260 ## - PUBLICATION, DISTRIBUTION, ETC.
Place of publication, distribution, etc. London
Name of publisher, distributor, etc. Arrow Books
Date of publication, distribution, etc. 1989
300 ## - PHYSICAL DESCRIPTION
Extent xxi,474 p.
Other physical details PB
Dimensions 18x11 cm.
650 ## - SUBJECT ADDED ENTRY--TOPICAL TERM
Topical term or geographic name entry element Gromyko, Andreĭ Andreevich, 1909-1989
9 (RLIN) 40327
650 ## - SUBJECT ADDED ENTRY--TOPICAL TERM
Topical term or geographic name entry element Statesmen--Soviet Union--Biography
9 (RLIN) 40328
700 ## - ADDED ENTRY--PERSONAL NAME
Personal name GROMYKO (Andrei)
9 (RLIN) 40329
942 ## - ADDED ENTRY ELEMENTS (KOHA)
Source of classification or shelving scheme Dewey Decimal Classification
Koha item type George Fernandes Collections
Holdings
Withdrawn status Lost status Source of classification or shelving scheme Damaged status Not for loan Collection code Home library Current library Date acquired Total Checkouts Full call number Barcode Date last seen Price effective from Koha item type
    Dewey Decimal Classification     Others St Aloysius Library St Aloysius Library 03/24/2013   947.084 GROM GF02045 06/03/2022 06/03/2022 George Fernandes Collections